Quizzes
Events
Quiz Creation
Community
Videos
Private Events
Remove Ads
Sign In
Join for FREE
Feedback
Dark Mode
Quiz Categories
Sports
Geography
Music
Movies
Television
Just For Fun
Miscellaneous
History
Literature
Language
Science
Gaming
Entertainment
Religion
Holiday
For Kids
Quiz Lab
Recent
Popular Today
Quiz Kudos Today
Editor Picks
Curator Picks
Quizzes by...
Day
Popularity
Type
Ratings
Length
Year
Community
Subscriptions
Recent Discussions
Orange Saloon
Badges
Playlists
Quests
Create
Leaderboards
Showdown
Live 5
Trivia Bingo
Activity
Puzzle Library
Sporcle Events
Private Events
Virtual Trivia
Globe League
Become a Host
Pub Owners
SporcleCon
Opinionation
Our Games
Videos
Blog
Mobile Apps
Partnerships
Remove Ads and Go Orange
Feedback
Music
Pop Music
The Beatles
Song
Album
Lyrics
Bands
Singers
Artist
Clip
Rock
Rap
Classical
Billboard
Country Music
Kpop
Taylor Swift
Music
Pop Music
The Beatles
Song
Album
Lyrics
Bands
Singers
Artist
Clip
Rock
Rap
Classical
Billboard
Country Music
Kpop
Taylor Swift
Random Quiz
Search Sporcle
×
Quiz Lab
Quiz Lab
Music
Clip
Type in answers that appear in a list
Type in answers that appear in a list
Classic
Best Score? Go Orange.
Female Singers Songs (CLIPS) Stats
Can you name the song titles by these Female Singers from the clip?
By
snurgery
7m
25 Questions
522 Plays
522 Plays
522 Plays
Comments
Comments
Give Quiz Kudos
Give Quiz Kudos
-
- Ratings
hide this ad
Replay
Link that replays current quiz
Next Quiz
Link to next quiz in quiz playlist
You Got
0%
They Got
Avg Score
35%
Avg Friend Score
Upgrade to see
Score Distribution
Jump to the score distribution portion of the page
Score
0/25
Timer
07:00
0
Plays Today
Time
Song
% Correct
1:12
You Oughta Know
63.2%
:30
Black Horse and the Cherry Tree
62.1%
1:27
We Belong
56.3%
2:34
Lovefool
53.6%
2:03
We Got the Beat
51.7%
1:35
What's Up?
51.1%
:38
Because the Night
50.2%
2:53
Jenny From the Block
45.8%
:14
Brass In Pocket
45.6%
2:26
If It Makes You Happy
42.7%
:00
Rapture
41.2%
1:20
Me and Bobby McGee
39.3%
:06
Dreams
38.5%
Time
Song
% Correct
3:09
Magic Man
36.4%
:21
You Know I'm No Good
32.6%
3:18
What I Am
31.4%
2:18
Going Under
30.7%
:55
Take It Off
30.5%
1:03
How Soon Is Now?
22.8%
1:53
Ex-Girlfriend
19.2%
2:09
Push It
13.4%
2:43
Silver Springs
11.5%
3:01
Crash
11.3%
1:44
Come Into My World
8.6%
:46
Ghost Town
2.9%
Quiz Playlist
Details
Report
Send in Message
Add To Playlist
Classic:
Type in answers that appear in a list
Last Updated: Feb 16, 2017
Quiz Scoreboard
CHALLENGE
Sign Up to Join the Scoreboard
Show All
Scores
Hide
Comments
May contain spoilers
Recently Published
Click the 1999 NBA Draft
by nibperrychub
Sports
2m
Alphabetical 'K' Countries by Flag Minefield
by ylime102
Geography
3m
Pick 6: Fruits
by JohnFran
Miscellaneous
15s
More to Explore
Quiz From the Vault
Featured Blog Post
15 Basketball Trivia Facts You Can Be March Mad About
hide this ad
You Might Also Like...
Tags
Artist Quiz
Clip Quiz
Singers Quiz
Song Quiz
Audio Quiz
female
Female Fronted
Today's Top Quizzes in Music
Browse Music
hide this ad
Today's Top Quizzes in Clip
Browse Clip
Top Contributed Quizzes in Music
1
Taylor Swift All Songs (2024)
2
KPOP LOGIC QUIZ
3
A Taylor Swift Logic Puzzle
4
Guess the Taylor Swift song (Mystery Song)
5
K-Pop Murder Mystery Logic Quiz
6
Taylor Swift Logic Puzzle
7
Guess The Taylor Swift Lyrics Song #1
8
kpop group name match up
9
NCT 2020 Logic Puzzle
10
K-Pop : 100 Debut Songs (Part 1 of 3)
Explore More
Trending Topics
Marvel
Disney
Crossword
Kpop
Anime
Harry Potter
NBA
Puzzle
Pokémon
Song
The Office
WWE
Country
NFL
Soccer
hide this ad
More By:
snurgery
Quiz
Plays
Rating
Category
Featured
Created
80's New Wave First 5 Seconds (Clips)
641
3.75
Music
Apr 18, 2010
Female Singers Songs (CLIPS)
522
4.25
Music
Apr 20, 2010
Drug Songs (CLIPS)
306
3.11
Music
Oct 16, 2010
5 Classic Rock Songs in 3 Seconds (CLIP)
103
3.33
Music
Apr 22, 2010
B Bands (Clips)
82
3.50
Music
Jan 7, 2012
Go to Creator's Profile
Score Distribution
Quiz Creator Spotlight
snurgery
Follow
Send a Message
Quizzes Created
-
Created Quiz Play Count
-
More By This Creator
Popular Quizzes Today
1
Countries of Asia Without Outlines Minefield
2
Find the US States - No Outlines Minefield
3
Pick 6: Fruits
4
Alphabetical 'K' Countries by Flag Minefield
5
The Countries of the World
6
Find the US States
7
US States
8
Match the Book to the Film X
More Music Quizzes
Song Titles 'Again'
Published
Trending Quizzes
Pick 6: Mountains
Pick 6: Harry Potter
Pick 6: NFL Teams
Pick 6: Movie Franchises
Pick 6: Golfers
Recently Updated
NWSL Teams
pecheneg
Women's Final Four Teams by Year
bhenderson79
Presidents Quartet II
eogle
Anything But Clue(do)
eogle
Anything But Oceanian Capitals
eogle
Anything But 7
eogle
Anything But Thing
eogle
Word Ladder: February 29
pecheneg
Song Title Questions
pecheneg
Women's NCAA Tournament #1 Seeds
pecheneg
Trending Topics
Marvel
Crossword
Anime
Kpop
NBA
Harry Potter
Disney
The Office
Puzzle
Song
NFL
Soccer
WWE
Pokémon
Country
Your Account Isn't Verified!
In order to create a playlist on Sporcle, you need to verify the email address you used during registration. Go to your
Sporcle Settings
to finish the process.
Report this User
Report this user for behavior that violates our
Community Guidelines
.
Details:
Send Report
Go to the Sporcle.com Mobile Site →
Comments